Reforma společné zemědělské politiky (CAP) a vliv uruguajského kulatého stolu GATT na světový obchod zemědělskými výrobky z hlediska Severní a Latinské Ameriky.
Motivácia a dôvody pre reformu CAP (spoločná poľnohospodárska politika). Dopad CAP na svetové trhy. Hlavné body reformy CAP. Prvé dôsledky reformy CAP pre ostatný svet. Kritika reformy CAP.
Gespeichert in:
| Format: | Buchkapitel |
|---|---|
| Sprache: | Tschechisch |
| Schlagworte: | |
| Tags: |
Keine Tags, Fügen Sie das erste Tag hinzu!
|
MARC
| LEADER | 00000naa a2200000 4500 | ||
|---|---|---|---|
| 001 | r014225 | ||
| 005 | 20221205075449.6 | ||
| 041 | 0 | |a cze | |
| 044 | |a SK | ||
| 245 | 1 | 0 | |a Reforma společné zemědělské politiky (CAP) a vliv uruguajského kulatého stolu GATT na světový obchod zemědělskými výrobky z hlediska Severní a Latinské Ameriky. |
| 520 | |a Motivácia a dôvody pre reformu CAP (spoločná poľnohospodárska politika). Dopad CAP na svetové trhy. Hlavné body reformy CAP. Prvé dôsledky reformy CAP pre ostatný svet. Kritika reformy CAP. | ||
| 610 | 2 | 0 | |a politika poľnohospodárska |
| 610 | 2 | 0 | |a reformy pozemkové |
| 610 | 2 | 0 | |a CAP |
| 610 | 2 | 0 | |a svet |
| 610 | 2 | 0 | |a GATT |
| 610 | 2 | 0 | |a trh svetový |